Introduction to operations research / (Record no. 3495)

000 -LEADER
fixed length control field 01230cam a2200337 a 4500
001 - CONTROL NUMBER
control field 15438437
003 - CONTROL NUMBER IDENTIFIER
control field OSt
005 - DATE AND TIME OF LATEST TRANSACTION
control field 20161011145123.0
008 - FIXED-LENGTH DATA ELEMENTS--GENERAL INFORMATION
fixed length control field 080904s2010 nyua b 001 0 eng
010 ## - LIBRARY OF CONGRESS CONTROL NUMBER
LC control number 2008039045
020 ## - INTERNATIONAL STANDARD BOOK NUMBER
International Standard Book Number 9780073376295 (hbk. : alk. paper)
020 ## - INTERNATIONAL STANDARD BOOK NUMBER
International Standard Book Number 0073376299 (hbk. : alk. paper)
020 ## - INTERNATIONAL STANDARD BOOK NUMBER
International Standard Book Number 9780077298340 (set)
020 ## - INTERNATIONAL STANDARD BOOK NUMBER
International Standard Book Number 0077298349 (set)
035 ## - SYSTEM CONTROL NUMBER
System control number (OCoLC)ocn245598960
040 ## - CATALOGING SOURCE
Original cataloging agency DLC
Transcribing agency DLC
Modifying agency YDX
-- YDXCP
-- DLC
050 00 - LIBRARY OF CONGRESS CALL NUMBER
Classification number T57.6.H53 2010
082 00 - DEWEY DECIMAL CLASSIFICATION NUMBER
Classification number 658.4/032
Edition number 22
100 1# - MAIN ENTRY--PERSONAL NAME
Personal name Hillier, Frederick S.
245 10 - TITLE STATEMENT
Title Introduction to operations research /
Statement of responsibility, etc Frederick S. Hillier, Gerald J. Lieberman.
250 ## - EDITION STATEMENT
Edition statement 9th ed.
260 ## - PUBLICATION, DISTRIBUTION, ETC. (IMPRINT)
Place of publication, distribution, etc New York :
Name of publisher, distributor, etc McGraw-Hill Higher Education,
Date of publication, distribution, etc c2010.
300 ## - PHYSICAL DESCRIPTION
Extent xxiv, 1047 p. :
Other physical details ill. ;
Dimensions 27 cm.
504 ## - BIBLIOGRAPHY, ETC. NOTE
Bibliography, etc Includes bibliographical references and indexes.
650 #0 - SUBJECT ADDED ENTRY--TOPICAL TERM
Topical term or geographic name as entry element Operations research.
700 1# - ADDED ENTRY--PERSONAL NAME
Personal name Lieberman, Gerald J.
856 41 - ELECTRONIC LOCATION AND ACCESS
Materials specified Table of contents only
Uniform Resource Identifier <a href="http://www.loc.gov/catdir/toc/ecip0827/2008039045.html">http://www.loc.gov/catdir/toc/ecip0827/2008039045.html</a>
906 ## - LOCAL DATA ELEMENT F, LDF (RLIN)
a 7
b cbc
c orignew
d 1
e ecip
f 20
g y-gencatlg
942 ## - ADDED ENTRY ELEMENTS (KOHA)
Source of classification or shelving scheme
Koha item type Book
Holdings
Withdrawn status Lost status Source of classification or shelving scheme Damaged status Not for loan Home library Current library Shelving location Date acquired Total Checkouts Full call number Barcode Date last seen Copy number Price effective from Koha item type
          Riara University Library Riara University Library General stack 11/10/2016   T57.6.H53 2010 8438/16 11/10/2016 C.1 11/10/2016 Book

Riara University Library,
P.O. Box 49940-00100,
Nairobi, Kenya.